00930nam a22002657a 45000010005000000030006000050050017000110080041000280200018000690400029000870500015001160820008001311000020001392450068001592500044002272600037002713000044003084900026003525050008003785200169003865210021005555210020005766500034005967000034006305150FISKH20241107152704.0241107b cb ||||| |||| 00| 0 eng d a9780439587402 aFISKHbengcFISKHdFISKH aE178.D2525 a973 aDavis, Kenneth  aDon't Know Much About American History / cby Kenneth C. Davis  aFirst Scholastic printing, January 2004 aNew York : bScholastic ;c2003. a224 pages : billustrations ;c24 cm .  aDon't Know Much About aZ  aPresents, in question and answer format, a history of the United States from the exploration of Christopher Columbus to the terrorist attacks of September 11, 2001.8 a1130 bLexile 8 aZ bRaz-Plus  aAmerican historyvnon-fiction aFaulkner, Matt eillustrator